000 00994cam a2200289 a 4500
001 969211
005 19900914125416.2
008 850311m19851986txu 000 0beng
010 _a 85006265
020 _a0849904706 :
_c$10.95 (v. 1)
020 _z0084990559 (v. 2)
040 _aDLC
_cDLC
_dDLC
043 _aa-is---
050 0 0 _aBS580.D3
_bK43 1985
100 1 _aKeller, W. Phillip
_q(Weldon Phillip),
_d1920-
245 1 0 _aDavid.
260 _aWaco, TX :
_bWord Books,
_c1985-1986.
300 _a2 v. ;
_c23 cm.
505 1 _a1. The time of Saul's tyranny -- 2. The shepherd king.
600 0 0 _aDavid,
_cKing of Israel.
600 0 0 _aSaul,
_cKing of Israel.
630 0 0 _aBible.
_pO.T.
_xBiography.
650 0 _aJews
_xKings and rulers
_xBiography.
906 _a7
_bcbc
_corignew
_d1
_eocip
_f19
_gy-gencatlg
942 _2lcc
_cBK
999 _c34330
_d34330